3. Návrh a posúdenie pažiacej konštrukcie hlbokej stavebnej jamy - riešenie praktického problému

Guardado en:
Detalles Bibliográficos
Autor principal: Benko, Andrej, 1990- (Autor)
Otros Autores: Hruštinec, Ľuboš, 1964- (Orientador)
Formato: Manuscrito Libro
Lenguaje:eslovaco
Publicado: Bratislava : STU v Bratislave SvF, 2013
Materias:
Acceso en línea:VAIS
https://opac.crzp.sk/?fn=detailBiblioForm&sid=9359D1AC2B33EC8F6681FCDC0F9A
Etiquetas: Agregar Etiqueta
Sin Etiquetas, Sea el primero en etiquetar este registro!

MARC

LEADER 00000ntm a22000003a 4500
001 stu272156
005 20231010140541.7
008 130720s2013----xo------------------slo-d
040 |a STU  |b slo 
041 0 |a slo 
044 |a xo 
100 1 |a Benko, Andrej,  |d 1990-  |4 aut  |u V  |T SvF Stavebná fakulta  |X 7240  |U V  |Y 10  |7 A000007240 
242 0 0 |a The sheeting structure design and assessment for deep excavation pit.  |y eng 
242 0 0 |a 3. Návrh a posúdenie pažiacej konštrukcie hlbokej stavebnej jamy - riešenie praktického problému.  |y slo 
245 1 |a 3. Návrh a posúdenie pažiacej konštrukcie hlbokej stavebnej jamy - riešenie praktického problému 
260 |a Bratislava :  |b STU v Bratislave SvF,  |c 2013 
650 7 |a Structural and Transportation Engineering  |2 estusub 
650 7 |a structure  |2 estusub 
650 7 |a excavation pit  |2 estusub 
650 7 |a konštrukcia  |2 stusub 
650 7 |a stavebná jama  |2 stusub 
650 7 |a pažiaca konštrukcia  |2 stusub 
700 1 |a Hruštinec, Ľuboš,  |d 1964-  |4 ths  |u V150  |U SvF Stavebná fakulta  |T SvF Katedra geotechniky  |X 913  |U V150  |Y 15  |7 A000000913 
856 4 |a info a plný text  |u http://is.stuba.sk/zp/portal_zp.pl?podrobnosti=79963  |3 VAIS 
856 4 |a CRZP  |u https://opac.crzp.sk/?fn=detailBiblioForm&sid=9359D1AC2B33EC8F6681FCDC0F9A